LEADER 01009nam a22002531 4500 001 991003008869707536 008 071108s2006 it | | |||ita 020 $a8889609206 035 $ab13615865-39ule_inst 040 $aBiblioteca Interfacoltà$bita 041 1 $aita 082 04$a823.0872908 245 10$aRacconti sinistri :$bnella tradizione di M.R. James /$cscelti e introdotti da Ramsey Campbell 260 $aMilano :$bS. Bonnard,$c2006 300 $a341 p. ;$c21 cm. 440 3$aIl piacere di leggere 500 $aRit. orig.: Meddling with ghosts .Trad. dall'inglese di Mario Conetti 700 1 $aCampbell, Ramsey$eauthor$4http://id.loc.gov/vocabulary/relators/aut$0738856 907 $a.b13615865$b02-04-14$c08-11-07 912 $a991003008869707536 945 $aLE002 Bibl. Ris. 185/016$g1$i2002000745705$lle002$op$pE25.00$q-$rn$so $t0$u0$v0$w0$x0$y.i14597937$z08-11-07 996 $aRacconti sinistri$91463620 997 $aUNISALENTO 998 $ale002$b08-11-07$cm$da $e-$f $g $h0$i0 LEADER 01890nam 2200361 450 001 996280686803316 005 20230611140451.0 010 $a0-7381-3571-2 035 $a(CKB)1000000000035526 035 $a(NjHacI)991000000000035526 035 $a(EXLCZ)991000000000035526 100 $a20230611d2003 uy 0 101 0 $aeng 135 $aur||||||||||| 181 $ctxt$2rdacontent 182 $cc$2rdamedia 183 $acr$2rdacarrier 200 10$aIEEE Standard on Transitions, Pulses, and Related Waveforms $eIEEE Std 181-2003 /$fIEEE Instrumentation and Measurement Society Subcommittee on Pulse Techniques 210 1$aNew York, NY :$cInstitute of Electrical and Electronics Engineers,$d2003. 215 $a1 online resource (viii, 54 pages) $cillustrations 225 0 $aInstitute of Electrical and Electronics Engineers 311 $a0-7381-3570-4 330 $aThis standard presents approximately 100 terms, and their definitions, for accurately and precisely describing the waveforms of pulse signals and the process of measuring pulse signals. Algorithms are provided for computing the values of defined terms that describe measurable parameters of the waveform, such as transition duration, state level, pulse amplitude, and waveform aberrations. These analysis algorithms are applicable to two-state waveforms having one or two transitions connecting these states. Compound waveform analysis is accomplished by decomposing the compound waveform into its constituent two-state single-transition waveforms. 517 $aIEEE Std 181-2003 606 $aPulse techniques (Electronics) 615 0$aPulse techniques (Electronics) 676 $a621.381534 801 0$bNjHacI 801 1$bNjHacl 906 $aDOCUMENT 912 $a996280686803316 996 $aIEEE Standard on Transitions, Pulses, and Related Waveforms$93382510 997 $aUNISA LEADER 02072nam 2200589 a 450 001 9910778668103321 005 20230421033204.0 010 $a1-280-19169-4 010 $a9786610191697 010 $a0-309-59001-9 010 $a0-585-14668-3 035 $a(CKB)110986584751950 035 $a(OCoLC)614696711 035 $a(CaPaEBR)ebrary10055540 035 $a(SSID)ssj0000142119 035 $a(PQKBManifestationID)11167033 035 $a(PQKBTitleCode)TC0000142119 035 $a(PQKBWorkID)10096832 035 $a(PQKB)10097497 035 $a(MiAaPQ)EBC3376370 035 $a(Au-PeEL)EBL3376370 035 $a(CaPaEBR)ebr10055540 035 $a(CaONFJC)MIL19169 035 $a(OCoLC)923263262 035 $a(EXLCZ)99110986584751950 100 $a19970310d1997 uy 0 101 0 $aeng 135 $aurcn||||||||| 181 $ctxt 182 $cc 183 $acr 200 04$aThe dynamics of sedimentary basins$b[electronic resource] /$fPanel on the Geodynamics of Sedimentary Basins, U.S. Geodynamics Committee, Board on Earth Sciences and Resources, Commission on Geosciences, Environment, and Resources, National Research Council 210 $aWashington, D.C. $cNational Academy Press $cAvailable from U.S. Geodynamics Committee, Board on Earth Sciences and Resources, National Research Council$d1997 215 $a1 online resource (55 p.) 225 1 $aThe compass series 300 $aBibliographic Level Mode of Issuance: Monograph 311 $a0-309-05679-9 320 $aIncludes bibliographical references (p. 39-43). 410 0$aCompass series (Washington, D.C.) 606 $aSedimentary basins 606 $aGeodynamics 615 0$aSedimentary basins. 615 0$aGeodynamics. 676 $a551.44 712 02$aNational Research Council (U.S.).$bPanel on the Geodynamics of Sedimentary Basins. 801 0$bMiAaPQ 801 1$bMiAaPQ 801 2$bMiAaPQ 906 $aBOOK 912 $a9910778668103321 996 $aThe dynamics of sedimentary basins$93740839 997 $aUNINA